000 01978nmm a2200493 a 4500
003 AR-BaBNM
005 20251128203233.0
008 206119s1977 ||||||||||||||000 | spa||
040 _cAR-BaBNM
245 1 0 _aPasado y presente de la literatura argentina. 1
_bla novela, el cuento, el relato : 1805-1821
260 _aBuenos Aires
_bVernácula
_c1977
300 0 _a414 p.
_bil.
500 0 _aLas notas y las reseñas bio-biográfficas se encuentran en cada capáitulo
500 0 _aContiene índice en p. 413-414
505 _tEl matadero
_rEcheverría, Esteban
505 _tCartas a un amigo
_rEcheverría, Esteban
505 _tUn día en Francia
_rSarmiento, Domingo Faustino
505 _tUn hombre quemado vivo
_rSarmiento, Domingo Faustino
505 _tVindicación de Don Adolfo Mansilla
_rSarmiento, Domingo Faustino
505 _tCartas de dos amigas
_rSarmiento, Domingo Faustino
505 _tUn viaje de Nueva York a Buenos Aires
_rSarmiento, Domingo Faustino
505 _tEsther
_rCané, Miguel
505 _tCarta prólogo
_rLópez, Vicente Fidel
505 _tLa novia del hereje, o, La Inquisición de Lima
_rLópez, Vicente Fidel
505 _tUn drama en 15 minutos
_rGorriti, Juana Manuela
505 _tEl emparedado
_rGorriti, Juana Manuela
505 _tEl fantasma de un rencor
_rGorriti, Juana Manuela
505 _tUna visita infernal
_rGorriti, Juana Manuela
505 _tYerbas y alfileres
505 _tUna visita al manicomio
_rGorriti, Juana Manuela
505 _tAmalia
_rMármol, José
505 _tMemorias de un botón rosa
_rMitre, Bartolomé
650 4 _aLITERATURA ARGENTINA
650 4 _aCUENTO [FORMA Y GENERO LITERARIO]
650 4 _aSIGLO DIECINUEVE
650 4 _aNOVELAS
650 4 _aANALISIS LITERARIO
650 4 _aGENERACION DE 1880
655 _aLITERATURA
700 1 _aBattistessa, Angel J.
_edirector
700 1 _aImbert, Julio
_ereseñas y notas
942 _cBK
998 _cisola
999 _c2524
_d2524